000 00677nam a2200277Ia 4500
005 20260320195841.0
008 008 262003s9999 xx 000 0 hin d
020 _a9789388753609
037 _aEBOOK
040 _aCRL
040 _bhin
040 _cCRL
041 _2hin
041 _ahin
084 _qCRL
100 _aवी.के. सिंह
_91133314
245 0 _aचे गेवारा : एक जीवनी
250 _a3rd
260 _bRajkamal
260 _c2019
300 _a486
856 _uhttps://ebook.indiaread.in/pdfs/1009_che_guevara_by_v.k._singh.pdf
942 _cEBOOK
999 _c1716843
_d1716843